Los liquidadores de impuestos como posibles sujetos obligados a reportar a la UIF (Registro nro. 22474)

Detalles MARC
000 -LEADER
fixed length control field 00380 a2200109 4500
001 - CONTROL NUMBER
control field ART_52322
005 - DATE AND TIME OF LATEST TRANSACTION
control field 20260410161822.0
008 - FIXED-LENGTH DATA ELEMENTS--GENERAL INFORMATION
fixed length control field 260409a
100 1# - MAIN ENTRY--PERSONAL NAME
Personal name Mecikovsky, Jaime L.
245 10 - TITLE STATEMENT
Title Los liquidadores de impuestos como posibles sujetos obligados a reportar a la UIF
773 0# - HOST ITEM ENTRY
Title Doctrina Penal Tributaria y Económica
Related parts - N° 59 (mar. 2021)
Record control number REV4317

No hay ítems disponibles.